Apuntes sobre la importancia de los intereses marítimos nacionales (Registro nro. 21808)
[ vista simple ]
| 000 -Cabecera | |
|---|---|
| Campo de control interno | 00944nam a2200229Ia 4500 |
| 005 - Fecha y hora del registro | |
| control field | 20260408081249.0 |
| 008 - Elementos de Longitud Fija | |
| fixed length control field | 260320s9999||||xx |||||||||||||| ||und|| |
| 041 ## - Idioma | |
| Codigo Idioma | ESP |
| 082 ## - DEWEY y NOTACIÓN INTERNA | |
| Dewey | 342.53 |
| Notación Interna | D81 |
| 110 ## - AUTOR INSTTITUCIONAL | |
| Autor Institucional | Dirección de Intereses Marítimos |
| 245 #0 - TÍTULO DE MATERIAL BIBLIOGRÁFICO | |
| Título | Apuntes sobre la importancia de los intereses marítimos nacionales |
| 250 ## - EDICIÓN | |
| Edición | Segunda edición |
| 260 ## - CIUDAD, EDITORIAL, AÑO | |
| Ciudad | Callao : |
| Nombre de la Editorial | Dirección de Intereses Marítimos, |
| Año | 2024 |
| 300 ## - DESCRIPCIÓN | |
| N° Páginas | 95 páginas : |
| Otros detalles | ilustraciones, fotografías, mapas ; |
| Dimensiones | 21 cm. |
| 505 ## - TABLA DE CONTENIDO | |
| Tabla de Contenido | En la cubierta: "Perú, país marítimo : amazónico - bioceánico - andino y con presencia en la Antártida". |
| 650 ## - TEMAS | |
| Temas | Derecho |
| 653 ## - DESCRIPTORES | |
| Lenguajes no controlado | Derecho marítimo - Perú - Historia; Derecho internacional marítimo - Perú; 200 millas (Dominio marítimo) - Perú |
| 654 ## - PROGRAMAS | |
| Programa | Dpto. de Derecho y Ciencia Política |
| 856 ## - URL - UBICACIÓN | |
| URI/URL: Enlace exacto del recurso | <a href="https://app-vlex-com.ucsp.lookproxy.com/">https://app-vlex-com.ucsp.lookproxy.com/</a> |
| Nota pública: Versión digital | <a href="Véase además: Base de datos Vlex">Véase además: Base de datos Vlex</a> |
| 942 ## - ELEMENTOS DE KOHA | |
| Tipo de documento | Libro |
| Nombre del creador | Justo Noguera |
| Código de catalogador | Margarita Torres |
| Esquema de clasificación | Dewey Decimal Classification |
| Codigo completo | Registro | Colección | Copia número | Disponibilidad | Tipo de préstamo | Biblioteca Actual | Procedencia (Biblioteca) | Ubicacón | Fecha Ingreso | Tipo de Adquisición | Date last seen | Total checkouts | Price effective from | Tipo de Item | Estado del Material | Fuente de Clasificación | Damaged status | Withdrawn status |
|---|---|---|---|---|---|---|---|---|---|---|---|---|---|---|---|---|---|---|
| 342.53 D81 | 1085368 | Universidad Católica San Pablo | 1 | Disponible | Disponible | Víctor Andrés Belaunde | Víctor Andrés Belaunde | Primer piso | 08/04/2026 | Donación | 08/04/2026 | 08/04/2026 | Libro | Bueno | Dewey Decimal Classification |




